Nenne einen Ort in Mecklenburg-Vorpommern, der … - Statistiken

Allgemein
  • Dieses Quiz wurde 94 mal gespielt
  • Das Durchschnittsergebnis liegt bei 5 aus 10
Antwortstatistiken
Nenne einen Ort in Mecklenburg-Vorpommern, der … Ort % Korrekt
eine Stadt ist und mit "Neu" beginnt. Neubrandenburg | Neubukow | Neukalen | Neukloster | Neustadt-Glewe | Neustrelitz
96%
über 10.000 Einwohner hat und mit W beginnt. Waren (Müritz) | Wismar | Wolgast
90%
den Titel (Ost)Seeheilbad trägt. Ahrenshoop | Dierhagen | Graal-Müritz | Heringsdorf | Kühlungsborn | Wustrow | Zingst
62%
einen Kopfbahnhof hat, der regelmäßig im Personenverkehr betrieben wird und als Kopfbahnhof gebaut wurde. Binz | Göhren | Graal-Müritz | Heringsdorf | Kühlungsborn | Peenemünde | Putbus | Rehna | Rostock | Sassnitz
57%
an das Netz der S-Bahn Rostock angeschlossen ist. (ohne Rostock) Dummerstorf | Güstrow | Laage | Lüssow | Mistorf | Papendorf | Plaaz | Pölchow | Schwaan
57%
einen Doppelnamen mit Bindestrich und über 1.000 Einwohner hat. (beide Namen eingeben) Admannshagen-Bargeshagen | Bartenshagen-Parkentin | Bögerende-Rethwisch | Graal-Müritz | Gülzow-Prüzen | Neustadt-Glewe | Ribnitz-Damgarten
52%
den Zusatz "Insel" im Namen trägt. Insel Hiddensee | Insel Poel
52%
mit dem gleichen Buchstaben beginnt wie seine eigene Kreisstadt und über 1.000 Einwohner hat. (ohne Kreisstädte) Gelbensande | Gnoien | Graal-Müritz | Groß Kiesow | Groß Wokern | Gülzow-Prüzen | Gutow | Gützkow | Neuenkirchen | Neukalen | Neverin | Pampow | Pinnow | Plate | Plau | Saal | Sagard | Samtens | Sassnitz | Sellin | Süderholz | Sundhagen | Warin
34%
der über 5.000 Einwohner und keinen regelmäßig im Personenverkehr betrieben Bahnhof hat. Friedland | Lübz | Plau | Röbel/Müritz | Satow | Wittenburg | Zarrentin am Schaalsee
21%
am Schweriner See liegt. (ohne Schwerin) Bad Kleinen | Dobin am See | Hohen Viecheln | Leezen | Lübstorf | Raben Steinfeld | Seehof | Zickhusen
18%
Keine übereinstimmenden Quizze gefunden
Verteilung der Resultate
Anzahl Personen mit jedem Resultat
Perzentil nach korrekt beantworteten Fragen
Ihre Resultats-Entwicklung
Sie haben dieses Quiz noch nicht gespielt